000 00503nam a2200193Ia 4500
003 GCL
008 140319s9999 xx 000 0 eng d
040 _aGCL /
_cGCL
082 0 4 _a150.1952
_bB S
100 1 _aBRENKMAM, JOHN
245 1 0 _aSTRAIGHT MALE MODERN, ACULTURAL CRITIQUE OF PSYCHOANALYSIS /
_cBRENKMAM, JOHN
260 _a[S.N] :
_bROUTLEDGE ،
_c1993
300 _a269 P
650 0 4 _aCULTURE
650 0 4 _aPERSONALITY
650 0 4 _aPSYCHOLOGY MAP
650 0 4 _aMALE
942 _2ddc
_cBK
999 _c19591
_d19591